| 000 | 00620nam a2200193Ia 4500 | ||
|---|---|---|---|
| 003 | OSt | ||
| 005 | 20201110095055.0 | ||
| 008 | 190216s9999||||xx |||||||||||||| ||und|| | ||
| 020 | _a9788177581300 | ||
| 040 | _coclc | ||
| 082 |
_a546 _bHUH/I |
||
| 100 |
_aHuheey, James E _94150 |
||
| 245 | 0 |
_aInorganic Chemistry : _bPrinciples Of Structure and Reactivity / _cJames E Huheey ; Ellen A Keiter ; Richard L Keiter ; Okhil K Medhi |
|
| 250 | _a4th Ed. | ||
| 260 |
_bPearson Education Asia, _a2007. _cNew Delhi: |
||
| 300 | _a808p | ||
| 650 | _aChemistry | ||
| 942 |
_cBK _2ddc _h546 _iHUH/I _k546 _mHUH/I |
||
| 999 |
_c3402 _d3402 |
||